00499nam a2200217Ia 4500003000400000005001700004006001900021007000300040008004100043024001100084037001200095040001800107041001300125082001100138100001600149245002500165250000900190260005200199300000800251650002200259OSt20221007103415.0a|||||r|||| 00| 0 ta221006b |||||||| |||| 00| 0 hin d a13,082 cTextual aLCOcLCObhin 2hinahin aZ1, N4 aKapoor S.K. 0aAntarrashtriye Vidhi a15th aAllahabadbCentral Law Agency India c1994 a696 aInternational Law